Výběr zaměstnanců podmínkou úspěšného podnikání. Potřebujete poradit?
Výber a zamestnanie správnych ľudí patrí k najdôležitejším zdrojom drobného podnikania. Náčrt správneho postupu pri vyberaní nových pracovníkov: určenia vlastných potrieb, nájdenie uchádzačov a zaškolenia zamestnancov.
Gespeichert in:
| 1. Verfasser: | |
|---|---|
| Format: | Buchkapitel |
| Sprache: | Tschechisch |
| Schlagworte: | |
| Tags: |
Keine Tags, Fügen Sie das erste Tag hinzu!
|
MARC
| LEADER | 00000naa a2200000 4500 | ||
|---|---|---|---|
| 001 | r009476 | ||
| 005 | 20220831084217.1 | ||
| 041 | 0 | |a cze | |
| 044 | |a [CS] | ||
| 245 | 1 | 0 | |a Výběr zaměstnanců podmínkou úspěšného podnikání. |b Potřebujete poradit? |c E. Halevy |
| 520 | |a Výber a zamestnanie správnych ľudí patrí k najdôležitejším zdrojom drobného podnikania. Náčrt správneho postupu pri vyberaní nových pracovníkov: určenia vlastných potrieb, nájdenie uchádzačov a zaškolenia zamestnancov. | ||
| 610 | 2 | 0 | |a výber pracovníkov |
| 610 | 2 | 0 | |a podnikatelia |
| 610 | 2 | 0 | |a podnikanie drobné |
| 610 | 2 | 0 | |a zamestnanci |
| 610 | 2 | 0 | |a školenie odborné |
| 100 | 1 | |a Halevy, E. | |